IoT streams for data-driven predictive maintenance and IoT, edge, and mobile for embedded machine learning: Second International Workshop, IoT Streams 2020 and First International Workshop, ITEM 2020, co-located with ECML/PKDD 2020, Ghent, Belgium, September 14-18, 2020 : revised selected papers

Saved in:
Bibliographic Details
Corporate Authors: IoT Streams, Online (Author) , ITEM (Author)
Other Authors: Gama, João (Editor) , Pashami, Sepideh (Editor) , Bifet, Albert (Editor) , Sayed-Mouchaweh, Moamar (Editor) , Fröning, Holger (Editor) , Pernkopf, Franz (Editor) , Schiele, Gregor (Editor) , Blott, Michaela (Editor)
Format: Conference Paper
Language:English
Published: Cham Springer 2020
Series:Communications in computer and information science 1325
In: Communications in computer and information science (1325)

Volumes / Articles: Show Volumes / Articles.
Subjects:
Online Access:Inhaltsverzeichnis: https://www.gbv.de/dms/tib-ub-hannover/1756904308.pdf
Get full text
Author Notes:Joao Gama, Sepideh Pashami, Albert Bifet, Moamar Sayed-Mouchawe, Holger Fröning, Franz Pernkopf, Gregor Schiele, Michaela Blott (eds.)

MARC

LEADER 00000cam a22000002c 4500
001 1756904308
003 DE-627
005 20260430013911.0
007 tu
008 210503s2020 sz ||||| 00| ||eng c
020 |a 9783030667696  |9 978-3-030-66769-6 
035 |a (DE-627)1756904308 
035 |a (DE-599)KXP1756904308 
040 |a DE-627  |b ger  |c DE-627  |e rda 
041 |a eng 
044 |c XA-CH 
072 7 |a UYQ  |2 bicssc 
072 7 |a COM004000  |2 bisacsh 
082 0 |a 006.3  |q SEPA  |2 23 
084 |a 28  |2 sdnb 
084 |a 54.72  |2 bkl 
111 2 |a IoT Streams  |n 2.  |d 2020  |c Online  |j VerfasserIn  |0 (DE-588)1228377898  |0 (DE-627)1750144433  |4 aut 
245 1 0 |a IoT streams for data-driven predictive maintenance and IoT, edge, and mobile for embedded machine learning  |b Second International Workshop, IoT Streams 2020 and First International Workshop, ITEM 2020, co-located with ECML/PKDD 2020, Ghent, Belgium, September 14-18, 2020 : revised selected papers  |c Joao Gama, Sepideh Pashami, Albert Bifet, Moamar Sayed-Mouchawe, Holger Fröning, Franz Pernkopf, Gregor Schiele, Michaela Blott (eds.) 
264 1 |a Cham  |b Springer  |c 2020 
300 |a xvii, 310 Seiten 
336 |a Text  |b txt  |2 rdacontent 
337 |a ohne Hilfsmittel zu benutzen  |b n  |2 rdamedia 
338 |a Band  |b nc  |2 rdacarrier 
490 1 |a Communications in computer and information science  |v 1325 
500 |a Titelaufnahme entstanden auf Grundlage der Online-Ausgabe 
655 7 |a Konferenzschrift  |0 (DE-588)1071861417  |0 (DE-627)826484824  |0 (DE-576)433375485  |2 gnd-content 
689 0 0 |d s  |0 (DE-588)7713781-4  |0 (DE-627)633870307  |0 (DE-576)327984538  |a Internet der Dinge  |2 gnd 
689 0 1 |d s  |0 (DE-588)4193754-5  |0 (DE-627)105224782  |0 (DE-576)21008944X  |a Maschinelles Lernen  |2 gnd 
689 0 |5 (DE-627) 
700 1 |a Gama, João  |e HerausgeberIn  |0 (DE-588)130389420  |0 (DE-627)500680949  |0 (DE-576)189884967  |4 edt 
700 1 |a Pashami, Sepideh  |e HerausgeberIn  |4 edt 
700 1 |a Bifet, Albert  |e HerausgeberIn  |4 edt 
700 1 |a Sayed-Mouchaweh, Moamar  |e HerausgeberIn  |0 (DE-588)1221769340  |0 (DE-627)1739171896  |4 edt 
700 1 |a Fröning, Holger  |d 1976-  |e HerausgeberIn  |0 (DE-588)133209466  |0 (DE-627)538678658  |0 (DE-576)299696189  |4 edt 
700 1 |8 1\p  |a Pernkopf, Franz  |d 1975-  |e HerausgeberIn  |0 (DE-588)1383120803  |0 (DE-627)1943018235  |4 edt 
700 1 |a Schiele, Gregor  |e HerausgeberIn  |4 edt 
700 1 |a Blott, Michaela  |e HerausgeberIn  |4 edt 
711 2 |a ITEM  |n 1.  |d 2020  |c Online  |j VerfasserIn  |0 (DE-588)1228378266  |0 (DE-627)1750145057  |4 aut 
711 2 |a ECML PKDD  |n 5.  |d 2020  |c Online  |j VeranstalterIn  |0 (DE-588)1225825717  |0 (DE-627)1745823271  |4 orm 
776 1 |z 9783030667702  |c eBook 
776 0 8 |i Erscheint auch als  |n Online-Ausgabe  |a IoT Streams (2. : 2020 : Online)  |t IoT streams for data-driven predictive maintenance and IoT, edge, and mobile for embedded machine learning  |b 1st ed. 2020.  |d Cham : Springer International Publishing, 2020  |h 1 Online-Ressource(XVII, 310 p. 84 illus.)  |w (DE-627)1745062432  |z 9783030667702 
830 0 |a Communications in computer and information science  |v 1325  |9 1325  |w (DE-627)550217886  |w (DE-576)27369345X  |w (DE-600)2396754-7  |x 1865-0929  |7 am 
856 4 2 |u https://www.gbv.de/dms/tib-ub-hannover/1756904308.pdf  |m V:DE-601  |m B:DE-89  |q pdf/application  |3 Inhaltsverzeichnis  |7 1 
883 |8 1\p  |a cgwrk  |d 20260401  |q DE-101  |u https://d-nb.info/provenance/plan#cgwrk 
936 b k |a 54.72  |j Künstliche Intelligenz  |0 (DE-627)10641240X 
951 |a BO 
990 |a Maschinelles Lernen 
990 |a Internet der Dinge 
992 |a 20220728 
993 |a ConferencePaper 
998 |g 133209466  |a Fröning, Holger  |m 133209466:Fröning, Holger  |d 700000  |d 720000  |e 700000PF133209466  |e 720000PF133209466  |k 0/700000/  |k 1/700000/720000/  |p 5 
999 |a KXP-PPN1756904308  |e 4173363516 
BIB |a Y 
SPR |a Y 
JSO |a {"physDesc":[{"extent":"xvii, 310 Seiten"}],"id":{"eki":["1756904308"],"isbn":["9783030667696"]},"person":[{"family":"Gama","given":"João","display":"Gama, João","role":"edt"},{"display":"Pashami, Sepideh","role":"edt","family":"Pashami","given":"Sepideh"},{"display":"Bifet, Albert","role":"edt","family":"Bifet","given":"Albert"},{"given":"Moamar","family":"Sayed-Mouchaweh","role":"edt","display":"Sayed-Mouchaweh, Moamar"},{"given":"Holger","family":"Fröning","role":"edt","display":"Fröning, Holger"},{"role":"edt","display":"Pernkopf, Franz","given":"Franz","family":"Pernkopf"},{"family":"Schiele","given":"Gregor","display":"Schiele, Gregor","role":"edt"},{"given":"Michaela","family":"Blott","role":"edt","display":"Blott, Michaela"}],"origin":[{"dateIssuedDisp":"2020","dateIssuedKey":"2020","publisher":"Springer","publisherPlace":"Cham"}],"corporate":[{"display":"IoT Streams (2., 2020, Online)","role":"aut"},{"display":"ITEM (1., 2020, Online)","role":"aut"},{"display":"ECML PKDD (5., 2020, Online)","role":"orm"}],"recId":"1756904308","language":["eng"],"type":{"bibl":"book"},"relMultPart":[{"language":["eng"],"id":{"eki":["550217886"],"zdb":["2396754-7"],"issn":["1865-0929"]},"physDesc":[{"noteFormat":"24 cm"}],"part":{"number":["1325"],"number_sort":["1325"]},"type":{"bibl":"serial"},"origin":[{"publisherPlace":"Singapore ; Berlin ; Heidelberg ; New York, NY","dateIssuedKey":"2007","publisher":"Springer ; Springer","dateIssuedDisp":"2007-"}],"title":[{"title_sort":"Communications in computer and information science","title":"Communications in computer and information science"}],"disp":"Communications in computer and information science","pubHistory":["1.2007 -"],"dispAlt":"Communications in computer and information science","titleAlt":[{"title":"CCIS"}],"recId":"550217886"}],"title":[{"title_sort":"IoT streams for data-driven predictive maintenance and IoT, edge, and mobile for embedded machine learning","title":"IoT streams for data-driven predictive maintenance and IoT, edge, and mobile for embedded machine learning","subtitle":"Second International Workshop, IoT Streams 2020 and First International Workshop, ITEM 2020, co-located with ECML/PKDD 2020, Ghent, Belgium, September 14-18, 2020 : revised selected papers"}],"name":{"displayForm":["Joao Gama, Sepideh Pashami, Albert Bifet, Moamar Sayed-Mouchawe, Holger Fröning, Franz Pernkopf, Gregor Schiele, Michaela Blott (eds.)"]},"note":["Titelaufnahme entstanden auf Grundlage der Online-Ausgabe"]} 
SRT |a IOTSTREAMSIOTSTREAMS2020